Región de Micronesia - Idiomas - Estadísticas

Estadísticas generales
  • Esta prueba ha sido intentada 3 veces
  • La puntuación promedio es 2 de 10
Estadísticas de respuestas
Idioma % Correcto
Inglés
100%
Gilbertés
33%
Marshalés
33%
Nauruano
33%
Palauano
33%
Carolino
0%
Chamorro
0%
Japonés
0%
Sonsorol
0%
Tobiano
0%
No se encontraron pruebas coincidentes
Distribución de puntuación
Porcentaje de gente con cada puntuación
Porcentaje por número respondido
Historial de tus puntuaciones
No has intentado esta prueba.